<?xml version="1.0" encoding="UTF-8"?>
<collection xmlns="http://www.loc.gov/MARC21/slim">
<record>
  <controlfield tag="001">672522</controlfield>
  <controlfield tag="005">20240705144539.0</controlfield>
  <datafield tag="024" ind1="7" ind2=" ">
    <subfield code="2">ISBN</subfield>
    <subfield code="a">978-3-9817451-1-5</subfield>
  </datafield>
  <datafield tag="024" ind1="7" ind2=" ">
    <subfield code="2">URN</subfield>
    <subfield code="a">urn:nbn:de:hbz:82-rwth-2016-081081</subfield>
  </datafield>
  <datafield tag="037" ind1=" " ind2=" ">
    <subfield code="a">RWTH-2016-08108</subfield>
  </datafield>
  <datafield tag="041" ind1=" " ind2=" ">
    <subfield code="a">German</subfield>
  </datafield>
  <datafield tag="100" ind1="1" ind2=" ">
    <subfield code="0">P:(DE-82)IDM02771</subfield>
    <subfield code="a">König, Florian</subfield>
    <subfield code="b">0</subfield>
    <subfield code="u">rwth</subfield>
  </datafield>
  <datafield tag="111" ind1="2" ind2=" ">
    <subfield code="a">57. Tribologie-Fachtagung</subfield>
    <subfield code="c">Göttingen</subfield>
    <subfield code="d">2016-09-26 - 2016-09-28</subfield>
    <subfield code="w">Germany</subfield>
  </datafield>
  <datafield tag="245" ind1=" " ind2=" ">
    <subfield code="a">Reibungs- und Verschleißverhalten von Gleitlagerungen im Start-Stopp-Betrieb</subfield>
    <subfield code="h">data medium, print, online</subfield>
  </datafield>
  <datafield tag="260" ind1=" " ind2=" ">
    <subfield code="a">Aachen</subfield>
    <subfield code="b">GfT Gesellschaft für Tribologie e.V.</subfield>
    <subfield code="c">2016</subfield>
  </datafield>
  <datafield tag="295" ind1="1" ind2="0">
    <subfield code="a">Reibung, Schmierung und Verschleiß : Forschung und praktische Anwendungen : Fachvorträge, wissenschaftliche Poster, DFG Abschlusskolloquium SPP1551 : 58. Tribologie-Fachtagung 2017, 25.-27. September in Göttingen. - Band 1</subfield>
  </datafield>
  <datafield tag="300" ind1=" " ind2=" ">
    <subfield code="a">34, 10 Seiten</subfield>
  </datafield>
  <datafield tag="336" ind1="7" ind2=" ">
    <subfield code="0">33</subfield>
    <subfield code="2">EndNote</subfield>
    <subfield code="a">Conference Paper</subfield>
  </datafield>
  <datafield tag="336" ind1="7" ind2=" ">
    <subfield code="0">PUB:(DE-HGF)7</subfield>
    <subfield code="2">PUB:(DE-HGF)</subfield>
    <subfield code="a">Contribution to a book</subfield>
  </datafield>
  <datafield tag="336" ind1="7" ind2=" ">
    <subfield code="0">PUB:(DE-HGF)8</subfield>
    <subfield code="2">PUB:(DE-HGF)</subfield>
    <subfield code="a">Contribution to a conference proceedings</subfield>
    <subfield code="b">contrib</subfield>
    <subfield code="m">contrib</subfield>
  </datafield>
  <datafield tag="336" ind1="7" ind2=" ">
    <subfield code="2">BibTeX</subfield>
    <subfield code="a">INPROCEEDINGS</subfield>
  </datafield>
  <datafield tag="336" ind1="7" ind2=" ">
    <subfield code="2">DRIVER</subfield>
    <subfield code="a">conferenceObject</subfield>
  </datafield>
  <datafield tag="336" ind1="7" ind2=" ">
    <subfield code="2">DataCite</subfield>
    <subfield code="a">Output Types/Conference Paper</subfield>
  </datafield>
  <datafield tag="336" ind1="7" ind2=" ">
    <subfield code="2">ORCID</subfield>
    <subfield code="a">CONFERENCE_PAPER</subfield>
  </datafield>
  <datafield tag="500" ind1=" " ind2=" ">
    <subfield code="a">Datenträger: CD-ROM</subfield>
  </datafield>
  <datafield tag="591" ind1=" " ind2=" ">
    <subfield code="a">Germany</subfield>
  </datafield>
  <datafield tag="700" ind1="1" ind2=" ">
    <subfield code="0">P:(DE-82)IDM00465</subfield>
    <subfield code="a">Jacobs, Georg</subfield>
    <subfield code="b">1</subfield>
    <subfield code="u">rwth</subfield>
  </datafield>
  <datafield tag="700" ind1="1" ind2=" ">
    <subfield code="0">P:(DE-82)103653</subfield>
    <subfield code="a">Burghardt, Gero</subfield>
    <subfield code="b">2</subfield>
  </datafield>
  <datafield tag="856" ind1="4" ind2=" ">
    <subfield code="u">http://publications.rwth-aachen.de/record/672522/files/2016_K%C3%B6nig_Reibungs%20und%20Verschlei%C3%9Fverhalten%20von%20Gleitlagerungen%20im%20Start%20Stopp%20Betrieb.pdf</subfield>
    <subfield code="y">OpenAccess</subfield>
  </datafield>
  <datafield tag="856" ind1="4" ind2=" ">
    <subfield code="u">http://publications.rwth-aachen.de/record/672522/files/2016_K%C3%B6nig_Reibungs%20und%20Verschlei%C3%9Fverhalten%20von%20Gleitlagerungen%20im%20Start%20Stopp%20Betrieb.gif?subformat=icon</subfield>
    <subfield code="x">icon</subfield>
    <subfield code="y">OpenAccess</subfield>
  </datafield>
  <datafield tag="856" ind1="4" ind2=" ">
    <subfield code="u">http://publications.rwth-aachen.de/record/672522/files/2016_K%C3%B6nig_Reibungs%20und%20Verschlei%C3%9Fverhalten%20von%20Gleitlagerungen%20im%20Start%20Stopp%20Betrieb.jpg?subformat=icon-180</subfield>
    <subfield code="x">icon-180</subfield>
    <subfield code="y">OpenAccess</subfield>
  </datafield>
  <datafield tag="856" ind1="4" ind2=" ">
    <subfield code="u">http://publications.rwth-aachen.de/record/672522/files/2016_K%C3%B6nig_Reibungs%20und%20Verschlei%C3%9Fverhalten%20von%20Gleitlagerungen%20im%20Start%20Stopp%20Betrieb.jpg?subformat=icon-700</subfield>
    <subfield code="x">icon-700</subfield>
    <subfield code="y">OpenAccess</subfield>
  </datafield>
  <datafield tag="856" ind1="4" ind2=" ">
    <subfield code="u">http://publications.rwth-aachen.de/record/672522/files/2016_K%C3%B6nig_Reibungs%20und%20Verschlei%C3%9Fverhalten%20von%20Gleitlagerungen%20im%20Start%20Stopp%20Betrieb.pdf?subformat=pdfa</subfield>
    <subfield code="x">pdfa</subfield>
    <subfield code="y">OpenAccess</subfield>
  </datafield>
  <datafield tag="909" ind1="C" ind2="O">
    <subfield code="o">oai:publications.rwth-aachen.de:672522</subfield>
    <subfield code="p">dnbdelivery</subfield>
    <subfield code="p">openaire</subfield>
    <subfield code="p">open_access</subfield>
    <subfield code="p">urn</subfield>
    <subfield code="p">driver</subfield>
    <subfield code="p">VDB</subfield>
  </datafield>
  <datafield tag="910" ind1="1" ind2=" ">
    <subfield code="0">I:(DE-588b)36225-6</subfield>
    <subfield code="6">P:(DE-82)IDM02771</subfield>
    <subfield code="a">RWTH Aachen</subfield>
    <subfield code="b">0</subfield>
    <subfield code="k">RWTH</subfield>
  </datafield>
  <datafield tag="910" ind1="1" ind2=" ">
    <subfield code="0">I:(DE-588b)36225-6</subfield>
    <subfield code="6">P:(DE-82)IDM00465</subfield>
    <subfield code="a">RWTH Aachen</subfield>
    <subfield code="b">1</subfield>
    <subfield code="k">RWTH</subfield>
  </datafield>
  <datafield tag="914" ind1="1" ind2=" ">
    <subfield code="y">2016</subfield>
  </datafield>
  <datafield tag="915" ind1=" " ind2=" ">
    <subfield code="0">StatID:(DE-HGF)0510</subfield>
    <subfield code="2">StatID</subfield>
    <subfield code="a">OpenAccess</subfield>
  </datafield>
  <datafield tag="920" ind1="1" ind2=" ">
    <subfield code="0">I:(DE-82)411710_20140620</subfield>
    <subfield code="k">411710</subfield>
    <subfield code="l">Lehrstuhl und Institut für Maschinenelemente und Maschinengestaltung</subfield>
    <subfield code="x">0</subfield>
  </datafield>
  <datafield tag="980" ind1="1" ind2=" ">
    <subfield code="a">FullTexts</subfield>
  </datafield>
  <datafield tag="980" ind1=" " ind2=" ">
    <subfield code="a">I:(DE-82)411710_20140620</subfield>
  </datafield>
  <datafield tag="980" ind1=" " ind2=" ">
    <subfield code="a">UNRESTRICTED</subfield>
  </datafield>
  <datafield tag="980" ind1=" " ind2=" ">
    <subfield code="a">VDB</subfield>
  </datafield>
  <datafield tag="980" ind1=" " ind2=" ">
    <subfield code="a">contb</subfield>
  </datafield>
  <datafield tag="980" ind1=" " ind2=" ">
    <subfield code="a">contrib</subfield>
  </datafield>
</record>
</collection>